Hospodářská politika státu v agrárně potravinářském programu. 1.

Charakteristika najbližších cieľov agrárno potravinárskeho programu pre budúce obdobie a cesty ich plnenia. Hlavné zásady štátnej hospodárskej politiky v poľnohospodárstve a potravinárskom priemysle. Daňová a úverová politika smerujúca k urýchleniu privatizácie poľnohospodárstva a k rozvoju podnikat...

ver descrição completa

Na minha lista:
Detalhes bibliográficos
Autor principal: Kolaja, F.
Formato: Capítulo de Livro
Idioma:tcheco
Assuntos:
Tags: Adicionar Tag
Sem tags, seja o primeiro a adicionar uma tag!

MARC

LEADER 00000naa a2200000 4500
001 r010007
005 20220831083315.0
041 0 |a cze 
044 |a [CS] 
245 1 0 |a Hospodářská politika státu v agrárně potravinářském programu. 1.  |c F. Kolaja 
520 |a Charakteristika najbližších cieľov agrárno potravinárskeho programu pre budúce obdobie a cesty ich plnenia. Hlavné zásady štátnej hospodárskej politiky v poľnohospodárstve a potravinárskom priemysle. Daňová a úverová politika smerujúca k urýchleniu privatizácie poľnohospodárstva a k rozvoju podnikateľskej aktivity v APK. 
610 2 0 |a poľnohospodárstvo 
610 2 0 |a potravinárstvo 
610 2 0 |a programy vládne 
610 2 0 |a ČSFR 
610 2 0 |a reformy hospodárske 
610 2 0 |a hospodárstvo trhové 
610 2 0 |a privatizácia 
610 2 0 |a politika poľnohospodárska 
610 2 0 |a podnikanie 
610 2 0 |a politika daňová 
610 2 0 |a politika úverová 
100 1 |a Kolaja, F.